Statistics for DreamSMP Members (updated)

Click here to take the quiz!

General Stats

  • This quiz has been taken 32 times
  • The average score is 23 of 36

Answer Stats

HintAnswer% Correct
8Dream
100%
33Tommyinnit
100%
13GeorgeNotFound
96%
28Sapnap
96%
34Tubbo
92%
18Karl Jacobs
88%
27Ranboo
88%
36Wilbur
88%
24Punz
84%
26Quackity
84%
3BadBoyHalo
80%
6CaptainPuffy
80%
23Ponk
80%
31Technoblade
80%
21Nihachu
76%
22Philza
76%
5Callahan
72%
25Purpled
72%
2Awesamdude
68%
12Fundy
68%
17JSchlatt
68%
9Eret
64%
29Skeppy
64%
16Jack Manifold
56%
30Slimecicle
52%
1Antfrost
48%
11Foolish
48%
14Hannahxxrose
44%
35Vikkstar
40%
10Eryn
36%
19LazarBeam
36%
32TinaKitten
32%
7ConnorEatsPants
28%
15HBomb94
28%
20Michaelmcchill
20%
4BoomerNA
16%

Score Distribution

Percentile by Number Answered

Percent of People with Each Score

Your Score History

You have not taken this quiz